Community Medicine (Record no. 228)

MARC details
000 -LEADER
Fixed length control field 00600nam a2200217Ia 4500
003 - CONTROL NUMBER IDENTIFIER
Control field IIN
005 - DATE AND TIME OF LATEST TRANSACTION
Control field 20250522112956.0
008 - FIXED-LENGTH DATA ELEMENTS--GENERAL INFORMATION
Fixed length control field 231217s9999 xx 000 0 und d
020 ## - INTERNATIONAL STANDARD BOOK NUMBER / ISBN
Price Rs.1495.00
International Standard Book Number 9789388958813
040 ## - CATALOGING SOURCE
Original cataloging agency IIN
Language of cataloging English
082 ## - DEWEY DECIMAL CLASSIFICATION NUMBER
Classification number 362.10425
Book Number SUR
100 1# - MAIN ENTRY--PERSONAL NAME
Personal name Suryakanth, A. H
245 1# - TITLE STATEMENT
Title Community Medicine
Sub title with Recent Advances/
Statement of responsibility A. H. Suryakanth
250 ## - EDITION STATEMENT
Edition statement 5th ed
260 ## - IMPRINT
Place of publication New Delhi
Name of publisher Jaypee
Date of publication 2019
300 ## - PHYSICAL DESCRIPTION
Page / Vol. No xvi, [3] 4-954 p.
650 1# - SUBJECT ADDED ENTRY--TOPICAL TERM
Topical term Community health nursing
650 1# - SUBJECT ADDED ENTRY--TOPICAL TERM
Topical term Community health services
650 1# - SUBJECT ADDED ENTRY--TOPICAL TERM
Topical term Medicine, Preventive
942 ## - ADDED ENTRY ELEMENTS (KOHA)
Koha item type Books
Holdings
Withdrawn status Lost status Source of classification Damaged status Not for loan Collection code Home library Current library Date acquired Price Total Checkouts Call number Accession number Date last seen Price effective from Koha item type
    Dewey Decimal Classification       IDEAL INSTITUTE OF NURSING IDEAL INSTITUTE OF NURSING 17/12/2023 1495.00   362.10425 SUR 223 17/12/2023 17/12/2023 Books
© Ideal Institute Of Nursing, All rights reserved.         Powered by Koha